Detalles MARC
| 000 -Cabecera |
| Campo de control de longitud fija |
01152nam a22003857a 4500 |
| 005 - Fecha y hora de la última transacción |
| Campo de control |
20231012102137.0 |
| 008 - Elementos de longitud fija--Información general |
| Campo de control de longitud fija |
190328b2015 xxu||||| |||| 00| 0 spa d |
| 020 ## - International Standard Book Number |
| Número Internacional Estándar del Libro (ISBN) |
9789968460743 |
| 041 ## - Idioma |
| Código de idioma |
Español |
| 082 ## - Clasificación Decimal Dewey |
| Número de clasificación |
304.872.86 M684m |
| 245 ## - Título propiamente dicho |
| Título |
El mito roto: inmigración y emigración en Costa Rica |
| 260 ## - Pie de imprenta |
| Lugar de publicación, distribución, etc. |
Costa Rica |
| 260 ## - Pie de imprenta |
| Nombre del editor, distribuidor, etc. |
EUCR |
| 260 ## - Pie de imprenta |
| Fecha de publicación, distribución, etc. |
2015 |
| 300 ## - Descripción física |
| Extensión |
396 páginas |
| 650 ## - Materia general |
| Temática (materia general) |
COSTA RICA |
| 650 ## - Materia general |
| Temática (materia general) |
MIGRACIÓN |
| 650 ## - Materia general |
| Temática (materia general) |
EMIGRACIÓN |
| 650 ## - Materia general |
| Temática (materia general) |
INMIGRACIÓN |
| 650 ## - Materia general |
| Temática (materia general) |
POLÍTICA PÚBLICA |
| 650 ## - Materia general |
| Temática (materia general) |
COMUNIDADES INMIGRANTES |
| 650 ## - Materia general |
| Temática (materia general) |
SERVICIOS PÚBLICOS |
| 650 ## - Materia general |
| Temática (materia general) |
NICARAGÜENSES EN COSTA RICA |
| 650 ## - Materia general |
| Temática (materia general) |
ESTADOUNIDENSES EN COSTA RICA |
| 650 ## - Materia general |
| Temática (materia general) |
EUROPEOS EN COSTA RICA |
| 650 ## - Materia general |
| Temática (materia general) |
ASPECTOS SOCIOECONÓMICOS |
| 650 ## - Materia general |
| Temática (materia general) |
VIOLENCIA DE GÉNERO |
| 650 ## - Materia general |
| Temática (materia general) |
DISCRIMINACIÓN |
| 650 ## - Materia general |
| Temática (materia general) |
TURISMO SEXUAL |
| 650 ## - Materia general |
| Temática (materia general) |
REPRODUCCIÓN TRANSNACIONAL |
| 650 ## - Materia general |
| Temática (materia general) |
TRABAJADORES INMIGRANTES |
| 650 ## - Materia general |
| Temática (materia general) |
IMAGINARIOS SOCIALES |
| 650 ## - Materia general |
| Temática (materia general) |
INVESTIGACIÓN |
| 942 ## - Punto de acceso adicional KOHA |
| Tipo de ítem KOHA |
Literatura |
| Fuente del sistema de clasificación o colocación |
Dewey Decimal Classification |